01000nam a2200205Ia 4500003000900000008004100009040001600050080002200066111011300088245023400201260004100435300001500476650004100491650002800532700003500560710005400595942000700649999001500656952012300671IN-BaIIA211028s9999 xx 000 0 eng d cIIA Library a539.1(082.1)bTHE aInternational conference on photonic, electronic and atomic collisionsn5thcRussiad1967 July 17-23 95576 4aThe physics of electronic and atomic collisionsbfifth International conference on photonic, electronic and atomic collisions, Leningrad, Russia, July 17-23, 1967cedited by Lewis M. Branscomb  aLeningradbV. I. C. P. E. A. Cc1967 axvi, 200p. aAstronomy and astrophysics thesaurus aAtomic collisions91546 aBranscomb, Lewis M., ed.95577 aJoint Institute for Laboratory Astrophysics95578 cBK c3143d3143 00104070aBANbBANcGENd1968-12-06g49.50l0o539.1(082.1)/ THEp3495r2021-11-05v49.50w1968-12-06yBKGRs. 49.50